| 000 | 00706nam a2200205 i 4500 | ||
|---|---|---|---|
| 001 | 76560 | ||
| 003 | ES-MaACL | ||
| 007 | t| | ||
| 008 | 041004s1984 mx ||||1| spa d | ||
| 020 | _a968-451-496-4 | ||
| 100 | 1 |
_aGuilford, J. P. _960702 |
|
| 245 | 1 | 0 |
_aEstadística aplicada a la psicología y la educación / _cJ. P. Guilford, Benjamín Fruchter ; traducción de la 6ª ed., Jesús María Castaño ; revisión Carlos Pereira. |
| 260 |
_aMéxico : _bMcGraw-Hill, _c1984. |
||
| 300 |
_a8, 497 p. ; _c23 cm. |
||
| 500 | _aIndice. | ||
| 700 | 1 |
_aFruchter, Benjamin. _952761 |
|
| 700 | 1 |
_aCastaño, Jesús María. _936429 |
|
| 700 | 1 |
_aPereira, Carlos. _990467 |
|
| 852 |
_aES-MaACL _jL-9254 _bR.111051 |
||
| 999 |
_c76560 _d76560 |
||